Spanish Cities with More Than 220,000 People - Statistics

General Stats
  • This quiz has been taken 70 times
  • The average score is 12 of 22
Answer Stats
Population Answer % Correct
3,225,944 Madrid
100%
1,621,537 Barcelona
98%
703,206 Seville
95%
814,208 Valencia
92%
354,860 Bilbao
91%
568,205 Malaga
89%
674,217 Zaragoza
75%
234,235 Granada
70%
401,270 Palma
67%
334,757 Alicante
64%
297,332 Vigo
59%
328,428 Cordoba
58%
317,864 Valladolid
55%
381,847 Las Palmas
53%
277,554 Gijon
47%
230,112 Elche
38%
224,005 Oviedo
33%
246,056 Coruna
25%
436,870 Murica
13%
253,678 Carabanchel
0%
266,477 Eixample
0%
256,644 Latina
0%
No matching quizzes found
Score Distribution
Percent of People with Each Score
Percentile by Number Answered
Your Score History
You have not taken this quiz